[Event "Liege Soultanbeieff op"]
[Site "Liege"]
[Date "2012.04.13"]
[Round "9"]
[White "Thirion, Christian"]
[Black "Dans, Guy"]
[Result "1-0"]
[WhiteElo "1266"]
[BlackElo "1438"]
[PlyCount "95"]
[EventDate "2012.01.27"]
[EventType "swiss"]
[EventRounds "9"]
[EventCountry "BEL"]
[SourceTitle "EXT 2013"]
[Source "ChessBase"]
[SourceDate "2012.11.22"]
[SourceVersion "1"]
[SourceVersionDate "2012.11.22"]
[SourceQuality "1"]

1. e4 c5 2. c3 d5 3. exd5 Qxd5 4. d4 e6 5. Nf3 Nf6 6. Be2 cxd4 7. cxd4 Be7 8. Nc3 Bb4 9. 0-0 Qc6 10. Bb5 Bd7 11. Bxc6 Nxc6 12. a3 Bd6 13. Re1 0-0-0 14. Ne4 Nxe4 15. Rxe4 f5 16. Re1 h6 17. Ne5 Nxe5 18. dxe5 Bc7 19. Be3 Kb8 20. Rc1 g5 21. f4 g4 22. g3 h5 23. Qd4 Bb6 24. Qd6+ Ka8 25. Bxb6 axb6 26. Qxb6 Bc6 27. Rc5 Rc8 28. Ra5+ Kb8 29. Rd1 h4 30. Rd6 hxg3 31. Rxc6 Rxc6 32. Qa7+ Kc7 33. Rc5 gxh2+ 34. Kh1 g3 35. Rxc6+ Kxc6 36. Qa4+ Kc7 37. Qc2+ Kb8 38. Qg2 Rg8 39. b4 Rg7 40. a4 Ka7 41. a5 Rg8 42. b5 b6 43. a6 Rg7 44. Qc6 g2+ 45. Qxg2 Rxg2 46. Kxg2 Kb8 47. Kxh2 Kc7 48. Kh3 1-0

[Event "Liege Soultanbeieff op"]
[Site "Liege"]
[Date "2012.04.06"]
[Round "8"]
[White "Dans, Guy"]
[Black "Dasse, Armand"]
[Result "0-1"]
[WhiteElo "1438"]
[BlackElo "1252"]
[PlyCount "107"]
[EventDate "2012.01.27"]
[EventType "swiss"]
[EventRounds "9"]
[EventCountry "BEL"]
[SourceTitle "EXT 2013"]
[Source "ChessBase"]
[SourceDate "2012.11.22"]
[SourceVersion "1"]
[SourceVersionDate "2012.11.22"]
[SourceQuality "1"]

1. e4 c5 2. Nf3 d6 3. d4 cxd4 4. Nxd4 Nf6 5. Nc3 a6 6. f3 e5 7. Nb3 Be7 8. Be3 b5 9. a3 Nbd7 10. Be2 Nc5 11. Nd2 h6 12. b4 Nb7 13. 0-0 0-0 14. a4 Bd7 15. axb5 axb5 16. Nxb5 Bxb5 17. Bxb5 d5 18. exd5 Bxb4 19. Rxa8 Qxa8 20. Bc6 Qb8 21. Ne4 Nxe4 22. fxe4 Bc5 23. Qe2 Bxe3+ 24. Qxe3 Nd6 25. Rc1 Qb4 26. Re1 Nc4 27. Qe2 Qc5+ 28. Qf2 Qxf2+ 29. Kxf2 Rb8 30. Re2 Nd6 31. c3 Rb3 32. Rc2 Nxe4+ 33. Ke2 Nd6 34. c4 Rb4 35. c5 Nf5 36. d6 Nd4+ 37. Kd2 Nxc6 38. Rc3 Kf8 39. Rd3 Ke8 40. Ke3 Kd7 41. Rc3 f6 42. h3 g6 43. g3 h5 44. Kd3 e4+ 45. Ke3 g5 46. h4 gxh4 47. gxh4 Ke6 48. Kf4 f5 49. d7 Rd4 50. Rg3 Rxd7 51. Rg5 Ne7 52. Rxh5 Ng6+ 53. Ke3 Rd3+ 54. Ke2 0-1

[Event "Liege Soultanbeieff op"]
[Site "Liege"]
[Date "2012.03.30"]
[Round "7"]
[White "Albert, Julien"]
[Black "Dans, Guy"]
[Result "1-0"]
[WhiteElo "1646"]
[BlackElo "1438"]
[PlyCount "49"]
[EventDate "2012.01.27"]
[EventType "swiss"]
[EventRounds "9"]
[EventCountry "BEL"]
[SourceTitle "EXT 2013"]
[Source "ChessBase"]
[SourceDate "2012.11.22"]
[SourceVersion "1"]
[SourceVersionDate "2012.11.22"]
[SourceQuality "1"]

1. e4 c5 2. Nf3 d6 3. d4 cxd4 4. Nxd4 Nf6 5. Nc3 a6 6. Bg5 Nbd7 7. f4 e6 8. Qf3 Be7 9. 0-0-0 h6 10. Bxf6 Nxf6 11. e5 Nd7 12. exd6 Bf6 13. Bc4 Nc5 14. Nc6 Qd7 15. Ne5 Bxe5 16. fxe5 Rb8 17. Rhf1 b5 18. Bb3 Nxb3+ 19. axb3 b4 20. Na4 Rb5 21. Qg4 0-0 22. Qg3 Qc6 23. Rd4 Bd7 24. Rg4 g6 25. Rxg6+ 1-0

[Event "Liege Soultanbeieff op"]
[Site "Liege"]
[Date "2012.01.27"]
[Round "1"]
[White "Dradon, Sebastien"]
[Black "Dans, Guy"]
[Result "1-0"]
[WhiteElo "1914"]
[BlackElo "1438"]
[PlyCount "33"]
[EventDate "2012.01.27"]
[EventType "swiss"]
[EventRounds "9"]
[EventCountry "BEL"]
[SourceTitle "EXT 2013"]
[Source "ChessBase"]
[SourceDate "2012.11.22"]
[SourceVersion "1"]
[SourceVersionDate "2012.11.22"]
[SourceQuality "1"]

1. c4 c5 2. g3 Nf6 3. Bg2 e6 4. Nc3 Be7 5. Nf3 0-0 6. 0-0 d5 7. cxd5 exd5 8. d4 Nc6 9. Bf4 Re8 10. Nb5 Nh5 11. Be3 b6 12. Rc1 c4 13. b3 a6 14. Nc3 b5 15. Ne5 Nxe5 16. dxe5 Bb4 17. Nxd5 1-0

[Event "BEL-ch opB"]
[Site "Westerlo"]
[Date "2004.07.??"]
[Round "7"]
[White "Colpin, Guy"]
[Black "Dans, Guy"]
[Result "1-0"]
[WhiteElo "1613"]
[BlackElo "1388"]
[PlyCount "39"]
[EventDate "2004.07.??"]
[EventType "swiss"]
[EventRounds "9"]
[EventCountry "BEL"]
[SourceTitle "EXT 2005"]
[Source "ChessBase"]
[SourceDate "2004.11.15"]
[SourceVersion "1"]
[SourceVersionDate "2004.11.15"]
[SourceQuality "1"]

1. e4 c5 2. Nf3 d6 3. d4 cxd4 4. Nxd4 Nf6 5. Nc3 a6 6. Bg5 e6 7. Qd2 Be7 8. 0-0-0 h6 9. Be3 0-0 10. f3 Nc6 11. g4 Ne5 12. g5 hxg5 13. Bxg5 b5 14. Qg2 b4 15. Nb1 Qa5 16. f4 Ng6 17. Nc6 Qc7 18. Nxe7+ Nxe7 19. Bxf6 g6 20. Qh3 1-0